000 00657nam a2200217Ia 4500
005 20230515151231.0
008 131103s9999 xx 000 0 und d
040 _aLoreto College
041 _aEnglish
082 _a330.9
_bJON
100 _aJones,Clarence Fielden
245 _aEconomics geography
_cClarence Fielden Jones and Gordon Gerald Darkenwald
250 _arev.ed.
260 _aNew York
_bThe Macmillan Co.
_c1954
300 _axxv,612 p.
_b ill.,charts,maps
504 _aIncludes bibliographical references and index
650 _aEconomics - Economic Geography
700 _aDarkenwald;Gordon Gerald
850 _aLCLIB
942 _cBK
999 _c7566
_d58045